| 000 | 00990cam a2200301 a 4500 | ||
|---|---|---|---|
| 999 |
_c117 _d117 |
||
| 001 | (Sirsi) a947289 | ||
| 003 | OSt | ||
| 005 | 20190726110629.0 | ||
| 008 | 120215s2014 nyu d b 001 1 eng | ||
| 020 |
_a9780061730955 _q(pbk.) : |
||
| 040 |
_aNFN _beng _cTAE |
||
| 042 | _anbic | ||
| 082 | 0 | _aFIC MCC | |
| 100 | 1 |
_aMcCormick, Patricia, _d1956- _eauthor |
|
| 245 | 1 | 0 |
_aNever fall down : _ba novel / _cPatricia McCormick. |
| 250 | _aFirst paperback edition. | ||
| 260 |
_aNew York : _bBalzer + Bray, _c2014. |
||
| 300 |
_a216 p. ; _c21 cm. |
||
| 500 | _a"This is a work of fiction based on a true story."--. Copyright p. | ||
| 501 | _aNational book award finalist | ||
| 504 | _aIncludes bibliographical references and index. | ||
| 521 | 1 | _a13-18. | |
| 610 | 2 | 0 |
_aParty of Democratic Kampuchea _vJuvenile fiction. |
| 650 | 0 |
_aSoldiers _vJuvenile fiction. |
|
| 650 | 0 |
_aGenocide _vJuvenile fiction. |
|
| 651 | 0 |
_aCambodia _xHistory _y1975-1979 _vJuvenile fiction. |
|
| 942 |
_2ddc _cFIC |
||